|
|
|
|
| LEADER |
01306nam a2200337 i 4500 |
| 001 |
38247 |
| 003 |
BD-DhAAL |
| 005 |
20220405101440.0 |
| 008 |
150727s2015 bg 000 0 eng |
| 999 |
|
|
|c 43976
|d 43976
|
| 010 |
|
|
|a 2015357034
|
| 025 |
|
|
|a B-E-2015357034
|
| 035 |
|
|
|a (MFDhaka) 2015357034
|
| 037 |
|
|
|b Library of Congress -- New Delhi Overseas Office
|
| 040 |
|
|
|a DLC
|b eng
|c DLC
|e rda
|d DLC
|d BD-DhAAL
|
| 042 |
|
|
|a lcode
|a pcc
|
| 043 |
|
|
|a a-bg---
|
| 050 |
0 |
0 |
|a HB172.5
|b .A94 2015
|
| 082 |
|
|
|a 339.095492
|2 23
|
| 100 |
1 |
|
|a Azizul Islam, Mirza,
|e author.
|9 47697
|
| 245 |
1 |
0 |
|a Macro economic management in Bangladesh :
|b performance, pitfalls, and prescriptions /
|c Mirza Azizul Islam.
|
| 264 |
|
1 |
|a Dhaka :
|b Gripper Mark Publication,
|c 2015.
|
| 264 |
|
2 |
|a Dhaka :
|b Distributor, Oitijihya
|
| 300 |
|
|
|a 159 pages ;
|c 22 cm.
|
| 541 |
|
|
|a Donated By Akbar Ali Khan
|e 38247
|
| 650 |
|
0 |
|a Macroeconomics
|z Bangladesh.
|9 47698
|
| 650 |
|
0 |
|a Bangladesh
|x Economic conditions.
|9 47699
|
| 651 |
|
0 |
|a Bangladesh
|x Economic policy.
|9 47700
|
| 852 |
|
|
|a Ayesha Abed Library
|c Akbar Ali Khan Collection
|
| 942 |
|
|
|2 ddc
|c BK
|
| 952 |
|
|
|0 0
|1 0
|2 ddc
|4 0
|6 339_095492000000000_AZI
|7 1
|9 70360
|a BRACUL
|b BRACUL
|c AAKC
|d 2022-04-05
|e Donated by Akbar Ali Khan
|l 0
|o 339.095492 AZI
|p 3010038247
|r 2022-04-05
|t 1
|w 2022-04-05
|y BK
|